Entry Nombre personal
001 - NÚMERO DE CONTROL
- campo de control: 55852
003 - IDENTIFICADOR DEL NÚMERO DE CONTROL
- campo de control: BNPHU
005 - FECHA Y HORA DE LA ÚLTIMA TRANSACCIÓN
- campo de control: 20250122110933.0
008 - DATOS DE LONGITUD FIJA
- campo de control de longitud fija: 200615|| aca||aabn | a|a d
010 ## - NÚMERO DE CONTROL DE LA BIBLIOTECA DEL CONGRESO
- Número de control de LC: no2008181476
040 ## - FUENTE DE LA CATALOGACIÓN
- Centro catalogador/agencia de origen: OSt
- Centro/agencia transcriptor: OSt
100 ## - ENCABEZAMIENTO-NOMBRE DE PERSONA
- Nombre de persona: Bisonó Haza, Víctor O.,
- Fechas asociadas al nombre: 1963-
370 ## - LUGAR ASOCIADO
- Lugar de nacimiento: Santo Domingo (República Dominicana )
- País asociado: República Dominicana
375 ## - GÉNERO/SEXO
- Género/Sexo: Masculino
377 ## - LENGUA/LENGUAJE ASOCIADO
- Código del idioma: spa
378 ## - FORMA COMPLETA/DESARROLLADA DEL NOMBRE
- Forma completa/desarrollada del nombre: Víctor Orlando
400 ## - TRAZADO DE VÉASE--NOMBRE DE PERSONA
- Nombre de persona: Haza, Víctor O. Bisonó,
- Fechas asociadas al nombre: 1963-
400 ## - TRAZADO DE VÉASE--NOMBRE DE PERSONA
- Nombre de persona: Bisonó, Ito,
- Fechas asociadas al nombre: 1963-
400 ## - TRAZADO DE VÉASE--NOMBRE DE PERSONA
- Nombre de persona: Bisonó, Victor,
- Fechas asociadas al nombre: 1963-
670 ## - FUENTE DE DATOS ENCONTRADOS
- Cita de la fuente: Bisonó Haza, Víctor O., 1963-, Joquín Balaguer y su incidencia en la historia dominicana /, 2006.
670 ## - FUENTE DE DATOS ENCONTRADOS
- Cita de la fuente: Las bases de la nación, 2008
670 ## - FUENTE DE DATOS ENCONTRADOS
- Cita de la fuente: Wikipedia, 11Junio, 2021
